000 00865nas a2200277 4500
001 BR2012000357
003 BR-BrBNA
005 20231205120001.0
007 ta
008 230509b bl.|||p| |||| 00| 00por d
040 _aBR-BrBNA
_bpor
_cBiblioteca Nacional de Agricultura
041 _a(Pt)
072 _aL74
100 1 _aRibeiro Filho, J.D.
100 1 _aDantas, W. de M.F.
100 1 _aAlves, G.E.S.
245 1 _aCortisol sérico de equinos com compactação experimental no cólon maior tratados com hidratação enteral e parenteral
650 _aEQUINO
650 _aCÓLICA
650 _aSTRESS
650 _aDISTÚRBIO FISIOLÓGICO
650 _aVETERINÁRIA
773 0 _tRevista Ceres (Brazil)
_xISSN 0034-737X
_g(May-Jun 2011), v. 58(3) p. 288-292
_wBR2012000357
909 _a202311
_bLúcia
_c55
_dLúcia Elande
942 _2AGRIS
_n0
_cANA
999 _c216583
_d216583